| 000 | 00575nam a2200157 a 4500 | ||
|---|---|---|---|
| 008 | 120416s1971 ||||||||||||||||| || u | ||
| 050 | _aGN 480 Bar | ||
| 100 | _aBarnes, John Arundel, 1918- | ||
| 245 | 1 | 0 | _aThree styles in the study of kinship |
| 260 |
_a[London] _bTavistock Publications _c[1971] |
||
| 300 | _axxiv, 318p. : ill. | ||
| 350 | _a0.00 | ||
| 650 | _aKINSHIPS--STUDY AND TEACHING | ||
| 650 | _aCULTURE | ||
| 995 |
_D0.00 _FCBU-MAIN LIBRARY (Kitwe) _H1 _I8.95 _M1 _UAVAILABLE _ZMain Library Open Access Collection |
||
| 999 |
_c59882 _d59882 |
||